Islam in Bengal (thirteenth to nineteenth century) / (Record no. 20415)

MARC details
000 -LEADER
fixed length control field 00717nam a2200253 4500
001 - CONTROL NUMBER
control field 4578593
003 - CONTROL NUMBER IDENTIFIER
control field BDDh-ASL
005 - DATE AND TIME OF LATEST TRANSACTION
control field 20231015025903.0
008 - FIXED-LENGTH DATA ELEMENTS--GENERAL INFORMATION
fixed length control field 741111s1972 ii b 001 0 eng
010 ## - LIBRARY OF CONGRESS CONTROL NUMBER
LC control number 74901572
040 ## - CATALOGING SOURCE
Original cataloging agency DLC
Transcribing agency DLC
Modifying agency DLC
-- BDDh-ASL
050 00 - LIBRARY OF CONGRESS CALL NUMBER
Classification number BP63.I42
Item number B427
082 00 - DEWEY DECIMAL CLASSIFICATION NUMBER
Classification number 297.0954
Item number SAI
100 1# - MAIN ENTRY--PERSONAL NAME
Personal name Sarkar, Jagadish Narayan,
Dates associated with a name 1907-
245 10 - TITLE STATEMENT
Title Islam in Bengal (thirteenth to nineteenth century) /
250 ## - EDITION STATEMENT
Edition statement [1st ed.]
260 ## - PUBLICATION, DISTRIBUTION, ETC.
Place of publication, distribution, etc. Calcutta:
Name of publisher, distributor, etc. Ratna Prakashan,
Date of publication, distribution, etc. 1972.
300 ## - PHYSICAL DESCRIPTION
Extent viii, 92 p.
Dimensions 23 cm.
350 ## - PRICE (NR) (BK AM CF MU VM SE) [OBSOLETE]
Price Rs12.00
504 ## - BIBLIOGRAPHY, ETC. NOTE
Bibliography, etc. note Bibliography: p. [76]-83.
650 #0 - SUBJECT ADDED ENTRY--TOPICAL TERM
Topical term or geographic name entry element Islam
Geographic subdivision Bengal.
906 ## - LOCAL DATA ELEMENT F, LDF (RLIN)
a 7
b cbc
c orignew
d 4
e ncip
f 19
g y-gencatlg
942 ## - ADDED ENTRY ELEMENTS (KOHA)
Source of classification or shelving scheme Dewey Decimal Classification
Koha item type Books
Holdings
Withdrawn status Lost status Source of classification or shelving scheme Damaged status Not for loan Collection code Home library Current library Shelving location Date acquired Source of acquisition Total Checkouts Full call number Barcode Date last seen Copy number Price effective from Koha item type
    Dewey Decimal Classification     Non-fiction Asiatic Society Library Asiatic Society Library General Stacks 01/09/2021 Complementary   297.0954 SAI 103858 01/09/2021 C-1 01/09/2021 Books

Powered by Koha